| 000 | 00788nam a22002057a 4500 | ||
|---|---|---|---|
| 999 |
_c10112 _d10112 |
||
| 003 | AR-CdUCM | ||
| 008 | 190329b ||||| |||| 00| 0 spa d | ||
| 040 |
_aMUNICIPALIDAD PROVINCIAL DEL CUSCO _cBIBLIOTECA MUNICIPAL DEL CUSCO |
||
| 082 |
_a296 / _bF76 / 1932 |
||
| 100 |
_aFord, Henry _926774 |
||
| 245 |
_aEl judío internacional : _bUn problema del mundo / |
||
| 260 |
_aBarcelona : _bHammer - verlag, _c1932. |
||
| 300 |
_a407 páginas ; _c20 cm. |
||
| 505 | _aContenido : Los judíos: Su carácter individual y su actividad productiva -- Como se defiende Alemania contra los judíos -- Historia de los judíos en los Estados Unidos de América ... | ||
| 650 |
_aBiografía _943871 |
||
| 650 |
_aHistoria _943872 |
||
| 650 |
_aJudíos _9358 |
||
| 942 |
_2ddc _cLIBROS |
||
| 945 | _arah | ||